| 000 | 00913cab a2200229 4500 | ||
|---|---|---|---|
| 001 | ABS67963 | ||
| 008 | 040629n2004 000 0 eng u | ||
| 035 | _a(Sirsi) u126618 | ||
| 100 | _aChapman, P. | ||
| 245 | _aGreater job expectations yield higher compensation | ||
| 260 | _c2004 | ||
| 490 |
_aNational Real Estate Investor _v46(6) June 2004, 29-35(5) |
||
| 520 | _aNew research by the Institute of Real Estate Management shows that for property managers, extra duties equal better pay. While property management has become more financially rewarding, the research also reveals that the profession has struggled over the past decade to recruit young talent. Tables. Graphs. US article. | ||
| 590 | _aABS | ||
| 650 | _aRANKINGS | ||
| 650 | _aSALARY SURVEY | ||
| 650 | _aPROPERTY MANAGERS | ||
| 650 | _aUNITED STATES | ||
| 650 | _aREAL ESTATE | ||
| 690 |
_aPROPERTY MANAGEMENT _96262 |
||
| 942 | _n0 | ||
| 999 |
_c74446 _d74446 |
||